00813nam a22002057a 450000500170000001000150001702000260003203500140005803700090007208200080008110000450008924500830013425000060021726000360022327001180025930000200037794200220039799900190041995201690043820241008121652.0 aENG-141954 c175.00a9789381448984 aEN-125486 bDBAD a170 aPrasoon, Shrikant 972459 aChanakya:bRules of Governance by the Guru of Governance/cby Shrikant Prasoon a1 aNew DelhibV&S Publishersc2011 aF-216, Ansari Road, DaryaganjbNew Delhie110002k011-23240026k011-23240027l011-23240028minfo@vspublishers.com a244p.c20cm(pb) 2ddccENh170mSHR c206162d206162 001040708NFICaZLSbZLSd2024-10-08eDelivery of Books Act Divisiong175.00l1m1o170 SHRpEN-125486r2025-02-21 00:00:00s2025-01-25t1v175.00w2024-10-08yEN